<?xml version="1.0" encoding="UTF-8"?>
<record
    xmlns:xsi="http://www.w3.org/2001/XMLSchema-instance"
    xsi:schemaLocation="http://www.loc.gov/MARC21/slim http://www.loc.gov/standards/marcxml/schema/MARC21slim.xsd"
    xmlns="http://www.loc.gov/MARC21/slim">

  <leader>01278cam a22001938i 4500</leader>
  <datafield tag="020" ind1=" " ind2=" ">
    <subfield code="a">9781138243972 (hardback : alk. paper)</subfield>
  </datafield>
  <datafield tag="041" ind1=" " ind2=" ">
    <subfield code="a">ENG</subfield>
  </datafield>
  <datafield tag="082" ind1="0" ind2="0">
    <subfield code="a">100</subfield>
    <subfield code="b">KIN</subfield>
  </datafield>
  <datafield tag="100" ind1=" " ind2=" ">
    <subfield code="a">Kind Amy</subfield>
  </datafield>
  <datafield tag="245" ind1="0" ind2="0">
    <subfield code="a">Philosophy of mind in the twentieth and twenty-first centuries </subfield>
  </datafield>
  <datafield tag="260" ind1=" " ind2=" ">
    <subfield code="a">NewYork</subfield>
    <subfield code="b">Routledge</subfield>
    <subfield code="c">2019</subfield>
  </datafield>
  <datafield tag="300" ind1=" " ind2=" ">
    <subfield code="a">326 pages cm.</subfield>
  </datafield>
  <datafield tag="490" ind1="0" ind2=" ">
    <subfield code="a">The history of the philosophy of mind ;</subfield>
  </datafield>
  <datafield tag="505" ind1="0" ind2=" ">
    <subfield code="a">Philosophy of mind in the phenomenological tradition / Philip J. Walsh and Jeff Yoshimi -- The mind-body problem in the 20th century / Amy Kind -- A short history of philosophical theories of consciousness in the 20th century / Tim Crane -- 20th century theories of perception / Nico Orlandi -- 20th century theories of personal identity / Jens Johansson -- Introspecting in the 20th century / Maja Spener -- Mental causation / Julie Yoo -- Intentionality: from Brentano to representationalism / Michelle Montague -- Wittgenstein and his legacy / Severin Schroeder -- The boundaries of the mind / Katalin Farkas -- The rise of cognitive science in the 20th century / Carrie Figdor -- Future directions for philosophy of mind / Susan Schneider and Pete Mandik.</subfield>
  </datafield>
  <datafield tag="650" ind1=" " ind2="0">
    <subfield code="a">Philosophy of mind</subfield>
  </datafield>
  <datafield tag="650" ind1=" " ind2="0">
    <subfield code="a">Philosophy of mind</subfield>
  </datafield>
  <datafield tag="700" ind1="1" ind2=" ">
    <subfield code="a">Kind, Amy,</subfield>
  </datafield>
  <datafield tag="942" ind1=" " ind2=" ">
    <subfield code="c">BK</subfield>
  </datafield>
  <datafield tag="952" ind1=" " ind2=" ">
    <subfield code="0">0</subfield>
    <subfield code="1">0</subfield>
    <subfield code="4">0</subfield>
    <subfield code="7">0</subfield>
    <subfield code="a">HMI</subfield>
    <subfield code="b">HMI</subfield>
    <subfield code="c">GEN</subfield>
    <subfield code="d">2019-10-10</subfield>
    <subfield code="l">1</subfield>
    <subfield code="o">100 KIN</subfield>
    <subfield code="p">25622</subfield>
    <subfield code="r">2020-02-03</subfield>
    <subfield code="s">2020-01-27</subfield>
    <subfield code="w">2026-01-16</subfield>
    <subfield code="y">BK</subfield>
  </datafield>
  <datafield tag="999" ind1=" " ind2=" ">
    <subfield code="c">22747</subfield>
    <subfield code="d">22747</subfield>
  </datafield>
</record>
